000 00933cam a2200277 a 4500
001 463394
003 OSt
005 20250901165802.0
008 830817s1983 tnua b 000 0 eng
010 _a 83062508
020 _a0933478062
040 _aDLC
_cDLC
_dDLC
050 0 0 _aRC 123 .C3 C76 1983
_bC76 1983
082 0 0 _a616.9/69
_219
100 1 _aCrook, William G.
_q(William Grant),
_d1917-
245 1 4 _aThe yeast connection :
_ba medical breakthrough /
_cby William G. Crook ; illustrated by Cynthia P. Crook.
260 _aJackson, Tenn. :
_bProfessional Books,
_cc1983.
300 _axv, 280 p. :
_bill. ;
_c24 cm.
504 _aBibliography: p. 275-280.
650 0 _aCandidiasis
_xComplications.
650 0 _aMycotoxicoses
_xComplications.
650 0 _aFood allergy
_xDiet therapy
_vRecipes.
650 0 _aLow-carbohydrate diet
_vRecipes.
906 _a7
_bcbc
_corignew
_d3
_eopcn
_f19
_gy-gencatlg
942 _2lcc
_cBK
999 _c9213
_d9213